[Event "TCh-TUR Super League 2014"]
[Site "Kocaeli TUR"]
[Date "2014.08.22"]
[Round "6.5"]
[Board "5"]
[White "Dogan, Nazmi Can"]
[Black "Hajiyev, Shahin"]
[Result "1-0"]
[WhiteElo "2135"]
[BlackElo "2014"]
[WhiteTeam "Akdeniz Belediyesi Spor Kulubu"]
[BlackTeam "Mersin Ezgi Satranc Kulubu"]
[WhiteFideId "6309658"]
[BlackFideId "13401238"]
[EventDate "2014.08.18"]

1. e4 e5 2. Nf3 Nc6 3. Bc4 Nf6 4. d3 Bc5 5. O-O d6 6. c3 a6 7. Bb3 Ba7 8. Nbd2
O-O 9. h3 Ne7 10. Re1 Ng6 11. Nf1 h6 12. Ng3 Re8 13. d4 Bd7 14. Bc2 Bc6 15. Bd2
Qe7 16. a4 a5 17. Ra3 Bb6 18. d5 Bd7 19. Be3 Bxe3 20. Rxe3 Nf4 21. Nd2 g6 22. b4
b6 23. Bd3 Reb8 24. Bf1 Kg7 25. Nc4 Qe8 26. Nb2 Ra7 27. b5 Raa8 28. Nd3 Qe7 29.
c4 Rf8 30. Ne2 Nxd3 31. Raxd3 Nh5 32. g3 f5 33. exf5 gxf5 34. f4 e4 35. Nd4 Qf7
36. Rd2 Kh7 37. Rg2 Rg8 38. Be2 Nf6 39. g4 Rg6 40. gxf5 Rxg2+ 41. Kxg2 Rg8+ 42.
Rg3 Rxg3+ 43. Kxg3 Ne8 44. Bh5 Qf6 45. Bg6+ Kg7 46. Bxe8 Bxe8 47. Ne6+ Kf7 48.
Qd4 Qxd4 49. Nxd4 Kf6 50. Ne6 Bh5 51. Kf2 Bd1 52. Nxc7 Bxa4 53. Na8 Bb3 54. Nxb6
Kxf5 55. Ke3 h5 56. Nc8 a4 57. b6 a3 58. b7 a2 59. b8=Q a1=Q 60. Ne7+ Kf6 61.
Qf8# 1-0

[Event "TCh-TUR Super League 2014"]
[Site "Kocaeli TUR"]
[Date "2014.08.22"]
[Round "6.5"]
[Board "6"]
[White "Kaya, Emel"]
[Black "Yildiz, Betul Cemre"]
[Result "1/2-1/2"]
[WhiteTitle "WCM"]
[BlackTitle "WGM"]
[WhiteElo "2000"]
[BlackElo "2296"]
[WhiteTeam "Mersin Ezgi Satranc Kulubu"]
[BlackTeam "Akdeniz Belediyesi Spor Kulubu"]
[WhiteFideId "6306411"]
[BlackFideId "6302920"]
[EventDate "2014.08.18"]

1. e4 e5 2. Nf3 Nc6 3. Bc4 Nf6 4. d3 Be7 5. O-O O-O 6. Re1 d6 7. c3 Na5 8. Bb5
a6 9. Ba4 c5 10. Nbd2 b5 11. Bc2 Re8 12. Nf1 h6 13. h3 Bf8 14. Ng3 Bb7 15. d4
cxd4 16. cxd4 exd4 17. Nxd4 Rc8 18. a4 b4 19. Qd3 Nc4 20. f4 d5 21. e5 Ne4 22.
Kh2 Qb6 23. Ndf5 g6 24. Ne3 Nxg3 25. Kxg3 Nxe3 26. Bxe3 d4 27. Bg1 a5 28. Bb3
Qc6 29. Qf3 Qxf3+ 30. gxf3 Rcd8 31. Red1 Bc5 32. Rac1 Bb6 33. Rd2 g5 34. Bf2 Kf8
35. Rcd1 gxf4+ 36. Kxf4 Bc7 37. Bxd4 Rxd4+ 38. Rxd4 Bxe5+ 39. Ke3 Bxd4+ 40. Kxd4
Re2 41. Kc5 Rxb2 42. Bxf7 Bxf3 43. Rf1 Bg2 44. Rf4 Ke7 45. Bc4 Bxh3 46. Kb6 Bd7 1/2-1/2

[Event "TCh-TUR Super League 2014"]
[Site "Kocaeli TUR"]
[Date "2014.08.22"]
[Round "6.5"]
[Board "7"]
[White "Koksal, Ege"]
[Black "Iskandarov, Misratdin"]
[Result "1/2-1/2"]
[WhiteTitle "CM"]
[BlackTitle "IM"]
[WhiteElo "2219"]
[BlackElo "2397"]
[WhiteTeam "Akdeniz Belediyesi Spor Kulubu"]
[BlackTeam "Mersin Ezgi Satranc Kulubu"]
[WhiteFideId "6317626"]
[BlackFideId "13400312"]
[EventDate "2014.08.18"]

1. d4 g6 2. Nf3 Bg7 3. g3 Nf6 4. Bg2 O-O 5. O-O d6 6. c4 Nc6 7. Nc3 a6 8. b3 Rb8
9. Bd2 Bg4 10. d5 Na5 11. Nd4 Bd7 12. Rc1 c5 13. dxc6 Nxc6 14. e3 Bg4 15. Qc2
Qd7 16. Ne4 Nxd4 17. exd4 Rfc8 18. Bg5 Nxe4 19. Qxe4 h6 20. Be3 Bf5 21. Qd5 Be6
22. Qe4 Bf5 23. Qd5 Bh3 24. c5 Bxg2 25. Kxg2 Rc6 26. b4 Rd8 27. Rfd1 Rcc8 28.
Qe4 dxc5 29. dxc5 Qc6 30. Qxc6 bxc6 31. a4 Kf8 32. Kf3 Ke8 33. Rxd8+ Rxd8 34.
Rb1 Rb8 35. Ke4 Bc3 36. Bxh6 Rxb4+ 37. Rxb4 Bxb4 38. Be3 Kf8 39. g4 Kg7 40. h4
Be1 41. Bd4+ Kh6 42. Be3+ Kg7 1/2-1/2

[Event "TCh-TUR Super League 2014"]
[Site "Kocaeli TUR"]
[Date "2014.08.22"]
[Round "6.5"]
[Board "8"]
[White "Ibrahimova, Sabina"]
[Black "Aslan, Cagla Yaren"]
[Result "1-0"]
[WhiteTitle "WIM"]
[WhiteElo "2263"]
[BlackElo "1760"]
[WhiteTeam "Mersin Ezgi Satranc Kulubu"]
[BlackTeam "Akdeniz Belediyesi Spor Kulubu"]
[WhiteFideId "13403893"]
[BlackFideId "6324878"]
[EventDate "2014.08.18"]

1. e4 c5 2. Nf3 d6 3. d4 cxd4 4. Nxd4 Nf6 5. Nc3 g6 6. Be3 Bg7 7. f3 O-O 8. Qd2
Nc6 9. Bc4 Ne5 10. Bb3 Bd7 11. h4 h5 12. O-O-O Rc8 13. Bh6 Nc4 14. Bxc4 Rxc4 15.
Bxg7 Kxg7 16. g4 hxg4 17. f4 e5 18. fxe5 dxe5 19. Nde2 Qc8 20. h5 Rh8 21. h6+
Kh7 22. Rhf1 Rc6 23. Qg5 Qd8 24. Nd5 Bf5 25. Rxf5 1-0

[Event "TCh-TUR Super League 2014"]
[Site "Kocaeli TUR"]
[Date "2014.08.22"]
[Round "6.5"]
[Board "9"]
[White "Acar, Utku Cengiz"]
[Black "Oner, Oguz"]
[Result "1/2-1/2"]
[WhiteElo "1815"]
[BlackElo "1787"]
[WhiteTeam "Akdeniz Belediyesi Spor Kulubu"]
[BlackTeam "Mersin Ezgi Satranc Kulubu"]
[WhiteFideId "6358900"]
[BlackFideId "6329330"]
[EventDate "2014.08.18"]

1. e4 e5 2. Nf3 Nc6 3. Bc4 Bc5 4. d3 Nf6 5. O-O d6 6. Bb3 a6 7. c3 Ba7 8. Nbd2
O-O 9. h3 h6 10. Re1 Be6 11. Nf1 Re8 12. N3h2 d5 13. Qf3 dxe4 14. dxe4 Bxb3 15.
axb3 Qd6 16. Be3 Bxe3 17. Nxe3 Ne7 18. Nhf1 Qe6 19. b4 Rad8 20. Red1 g6 21. Nd2
Rd3 22. Ndc4 Red8 23. Rxd3 Rxd3 24. Qe2 Rd8 25. Qc2 Nc6 26. Kf1 Nh5 27. Rd1
Rxd1+ 28. Qxd1 Nf4 29. Nd5 Ne7 30. Nce3 Nexd5 31. Nxd5 Qd6 32. h4 c6 33. Ne3
Qxd1+ 34. Nxd1 f6 35. g3 Ne6 36. Ne3 Kf7 37. Ke2 c5 38. bxc5 Nxc5 39. f3 Ke6 40.
g4 Na4 41. Nd1 f5 1/2-1/2

[Event "TCh-TUR Super League 2014"]
[Site "Kocaeli TUR"]
[Date "2014.08.22"]
[Round "6.5"]
[Board "10"]
[White "Mutlu, Beste"]
[Black "Temel, Burcu Melis"]
[Result "1/2-1/2"]
[WhiteElo "1629"]
[BlackElo "1753"]
[WhiteTeam "Mersin Ezgi Satranc Kulubu"]
[BlackTeam "Akdeniz Belediyesi Spor Kulubu"]
[WhiteFideId "6325050"]
[BlackFideId "6345492"]
[EventDate "2014.08.18"]

1. e4 d5 2. exd5 Nf6 3. Bb5+ Bd7 4. Be2 Nxd5 5. d4 g6 6. c4 Nb6 7. Nf3 Bg7 8.
O-O O-O 9. h3 Nc6 10. Be3 e5 11. dxe5 Nxe5 12. Nxe5 Bxe5 13. Nc3 Be6 14. Qb3 Qh4
15. Nd5 Rad8 16. Nxb6 axb6 17. Rac1 Rd7 18. Rfd1 Rfd8 19. Rxd7 Rxd7 20. Qb5 Bf4
21. Qb3 Qg5 22. Bxf4 Qxf4 23. Qc3 Qg5 24. Kf1 Qf4 25. Kg1 Bf5 26. Rd1 Qe4 27.
Rxd7 Bxd7 28. Bd3 Qf4 29. b3 Bc6 30. Qc2 Qe5 31. Qd2 Qd4 32. Qe2 h5 33. Kh2 Qf4+
34. Kg1 Qd4 35. Kh2 Qf4+ 36. Kg1 Qg5 37. g3 Qc1+ 38. Qf1 Qb2 39. Bb1 Qc3 40. Bd3
Qd2 41. Qb1 h4 42. g4 Qf4 43. Be2 Kh7 44. Qc2 Qe5 45. Bf1 Qe4 46. Qxe4 Bxe4 47.
f4 Bb1 48. a3 Kg7 49. Kf2 Kf6 50. Ke3 Ke6 51. b4 c6 52. Kd4 f5 53. g5 Be4 54. a4 1/2-1/2

[Event "TCh-TUR Super League 2014"]
[Site "Kocaeli TUR"]
[Date "2014.08.22"]
[Round "6.6"]
[Board "1"]
[White "Guner, Sati Emre"]
[Black "Alekseev, Evgeny"]
[Result "0-1"]
[BlackTitle "GM"]
[WhiteElo "2041"]
[BlackElo "2675"]
[WhiteTeam "Aliaga Genclik VE Spor Kulubu Dernegi"]
[BlackTeam "Antalya Calli Spor Kulubu"]
[WhiteFideId "6304192"]
[BlackFideId "4138147"]
[EventDate "2014.08.18"]

1. e4 c5 2. Nf3 e6 3. d4 cxd4 4. Nxd4 Nc6 5. Nc3 a6 6. Be3 Nf6 7. Bd3 Qc7 8. O-O
Ne5 9. h3 Bc5 10. Qe2 d6 11. f4 Ng6 12. Rae1 O-O 13. Qf2 b6 14. Kh1 e5 15. fxe5
dxe5 16. Nf5 Bxe3 17. Rxe3 Nf4 18. Nd5 N6xd5 19. exd5 Bxf5 20. Bxf5 Nxd5 21. Rb3
Rad8 22. Be4 b5 23. Qh4 g6 24. Rd3 Nf4 25. Rc3 Qb6 26. Qh6 Qd4 27. Bf3 b4 28.
Rc6 Qxb2 29. g3 Ne6 30. Bg4 Qd4 31. Kg2 Qd5+ 0-1

[Event "TCh-TUR Super League 2014"]
[Site "Kocaeli TUR"]
[Date "2014.08.22"]
[Round "6.6"]
[Board "2"]
[White "Safarli, Eltaj"]
[Black "Yasar, Ugur"]
[Result "1-0"]
[WhiteTitle "GM"]
[WhiteElo "2649"]
[BlackElo "1777"]
[WhiteTeam "Antalya Calli Spor Kulubu"]
[BlackTeam "Aliaga Genclik VE Spor Kulubu Dernegi"]
[WhiteFideId "13402129"]
[BlackFideId "6324754"]
[EventDate "2014.08.18"]

1. e4 e6 2. d4 d5 3. Nd2 Nc6 4. Ngf3 Nf6 5. e5 Nd7 6. Bb5 a6 7. Bxc6 bxc6 8. O-O
c5 9. c3 Be7 10. dxc5 Bxc5 11. b4 Be7 12. Nb3 O-O 13. Be3 f6 14. Nbd4 Nxe5 15.
Nxe5 fxe5 16. Nc6 Qe8 17. Nxe7+ Qxe7 18. Bc5 Qf6 19. Bxf8 Qxf8 20. Qe2 Qd6 21.
f3 Bd7 22. Rfe1 c5 23. Qxe5 Qxe5 24. Rxe5 c4 25. a4 Kf7 26. Kf2 Kf6 27. f4 Rb8
28. Ke3 h6 29. h4 Ke7 30. Kd4 Kd6 31. f5 Rf8 32. Rae1 Rf6 33. Rxe6+ Bxe6 34.
Rxe6+ Rxe6 35. fxe6 Kxe6 36. Kc5 1-0

[Event "TCh-TUR Super League 2014"]
[Site "Kocaeli TUR"]
[Date "2014.08.22"]
[Round "6.6"]
[Board "3"]
[White "Ozkan, Ufuk"]
[Black "Yurtseven, Melih"]
[Result "0-1"]
[WhiteElo "1717"]
[BlackElo "2271"]
[WhiteTeam "Aliaga Genclik VE Spor Kulubu Dernegi"]
[BlackTeam "Antalya Calli Spor Kulubu"]
[WhiteFideId "6349218"]
[BlackFideId "6312160"]
[EventDate "2014.08.18"]

1. d4 Nf6 2. Nf3 c5 3. Nc3 cxd4 4. Qxd4 Nc6 5. Qh4 d5 6. Bg5 e6 7. e4 Be7 8.
O-O-O Qa5 9. exd5 exd5 10. Bb5 a6 11. Bxc6+ bxc6 12. Rhe1 Be6 13. Nd4 Qc7 14.
Nxe6 fxe6 15. Rxe6 O-O 16. Rde1 Rf7 17. Qa4 Bd6 18. Bxf6 Rxf6 19. Rxf6 gxf6 20.
Qg4+ Kh8 21. g3 Be5 22. f4 Bd4 23. Qf3 f5 24. Qd3 Bg7 25. Qxf5 Rb8 26. Qh5 Qd8
27. Qf7 d4 28. Re7 Qf8 29. Nd1 c5 30. Qxf8+ Bxf8 31. Re6 a5 32. b3 a4 33. f5 Kg8
34. g4 Kf7 35. Nb2 axb3 36. axb3 Ra8 37. Kb1 Be7 38. Nc4 Bh4 39. Ne5+ Kg8 40.
Nf3 Bf2 41. h4 Bg3 42. g5 Bc7 43. Nd2 Ba5 44. Kc1 Bc3 45. Re5 Bb4 46. Re2 Ra1+
47. Nb1 Ba3+ 48. Kd2 Rxb1 49. Rh2 Rf1 50. f6 Rf3 51. Ke2 Re3+ 52. Kd1 Re4 53.
Re2 Rxh4 54. Re8+ Kf7 55. Re7+ Kf8 56. Ke2 Bc1 57. Rg7 Rh5 58. g6 hxg6 59. Rxg6
Kf7 60. Rg1 Ba3 61. Rf1 Rh3 62. Kd2 Bb4+ 63. Ke2 Re3+ 64. Kd1 Bc3 65. Rg1 Kxf6
66. Rf1+ Ke5 67. Rg1 Kf4 0-1

[Event "TCh-TUR Super League 2014"]
[Site "Kocaeli TUR"]
[Date "2014.08.22"]
[Round "6.6"]
[Board "4"]
[White "Ertan, Can"]
[Black "Demiral, Abdulkadir"]
[Result "1-0"]
[WhiteTitle "FM"]
[WhiteElo "2246"]
[BlackElo "1699"]
[WhiteTeam "Antalya Calli Spor Kulubu"]
[BlackTeam "Aliaga Genclik VE Spor Kulubu Dernegi"]
[WhiteFideId "6306330"]
[BlackFideId "6349021"]
[EventDate "2014.08.18"]

1. e4 e6 2. d4 d5 3. Nc3 Nf6 4. Bg5 Be7 5. e5 Nfd7 6. Bxe7 Qxe7 7. f4 a6 8. Nf3
c5 9. Qd2 Nc6 10. dxc5 Qxc5 11. O-O-O b5 12. Ne2 Nb6 13. Ned4 Nxd4 14. Nxd4 Bd7
15. g4 O-O-O 16. Nb3 Qc7 17. Qb4 Na4 18. Bd3 Kb8 19. h4 Rc8 20. Qe7 Bc6 21.
Qxc7+ Rxc7 22. Nd4 h5 23. f5 hxg4 24. fxe6 fxe6 25. Nxe6 Re7 26. Nd4 Kc7 27. e6
Nc5 28. Bf5 g6 29. Bxg6 Be8 30. h5 Bxg6 31. hxg6 Rxh1 32. Rxh1 Nxe6 33. Nxe6+
Rxe6 34. g7 Rg6 35. Rh7 Kd6 36. Rh6 Rxh6 37. g8=Q Rh1+ 38. Kd2 Rh2+ 39. Kd3 Rh3+
40. Kd4 Rf3 41. Qxd5+ Kc7 42. Qe5+ Kb7 43. Qg7+ Kb6 44. Qg6+ 1-0

[Event "TCh-TUR Super League 2014"]
[Site "Kocaeli TUR"]
[Date "2014.08.22"]
[Round "6.6"]
[Board "7"]
[White "Cingoz, Ozan"]
[Black "Sipahioglu, Irmak"]
[Result "1-0"]
[WhiteElo "1930"]
[BlackElo "2133"]
[WhiteTeam "Aliaga Genclik VE Spor Kulubu Dernegi"]
[BlackTeam "Antalya Calli Spor Kulubu"]
[WhiteFideId "6333397"]
[BlackFideId "6307205"]
[EventDate "2014.08.18"]

1. Nf3 Nf6 2. c4 e6 3. g3 d5 4. Bg2 Be7 5. O-O O-O 6. d4 c6 7. Nc3 Nbd7 8. b3 b6
9. Bb2 Bb7 10. Qc2 dxc4 11. bxc4 c5 12. d5 exd5 13. cxd5 Bxd5 14. Nxd5 Nxd5 15.
Rad1 Nb4 16. Qf5 Qe8 17. Qxd7 Nxa2 18. Qg4 g6 19. Ne5 Bf6 20. Bxa8 Bxe5 21. Bxe5
Qxe5 22. Bf3 Nc3 23. Rd7 a5 24. Qf4 Qe6 25. Qd6 Qb3 26. Rb7 1-0

[Event "TCh-TUR Super League 2014"]
[Site "Kocaeli TUR"]
[Date "2014.08.22"]
[Round "6.6"]
[Board "9"]
[White "Karaoglan, Kivanc"]
[Black "Tasdogen, Dincer"]
[Result "1-0"]
[WhiteElo "1903"]
[BlackElo "1797"]
[WhiteTeam "Aliaga Genclik VE Spor Kulubu Dernegi"]
[BlackTeam "Antalya Calli Spor Kulubu"]
[WhiteFideId "6329152"]
[BlackFideId "6367097"]
[EventDate "2014.08.18"]

1. d4 Nf6 2. Nf3 e6 3. c4 b6 4. a3 Bb7 5. Nc3 Be7 6. d5 O-O 7. e4 exd5 8. exd5
Re8 9. Be2 a5 10. O-O h6 11. Nd4 Bf8 12. Be3 Na6 13. Qc2 Nc5 14. Nf5 Nce4 15.
Nxe4 Nxe4 16. Bd4 Qg5 17. Bd3 Nd6 18. f4 Qh5 19. Rf3 Nxf5 20. Bxf5 Bc5 21. Bxc5
bxc5 22. Bxd7 Re7 23. Qf5 Qxf5 24. Bxf5 Ba6 25. Bd3 Rb8 26. b4 a4 27. b5 Bb7 28.
Bc2 Ra8 29. Kf2 Kf8 30. Re3 Rxe3 31. Kxe3 Ke7 32. Re1 Kd6 33. Kf3 h5 34. Kg3 g6
35. Kh4 Rf8 36. Kg5 f6+ 37. Kh6 g5 38. f5 Bc8 39. Kg7 Rd8 40. Kxf6 Rf8+ 41. Kg7
Rxf5 42. Bxf5 Bxf5 43. Re3 Bc2 44. Re6+ Kd7 45. Rc6 g4 46. Kf6 h4 47. g3 hxg3
48. hxg3 1-0

[Event "TCh-TUR Super League 2014"]
[Site "Kocaeli TUR"]
[Date "2014.08.23"]
[Round "7.1"]
[Board "1"]
[White "Mamedov, Nidjat"]
[Black "Guner, Sati Emre"]
[Result "1-0"]
[WhiteTitle "GM"]
[WhiteElo "2624"]
[BlackElo "2041"]
[WhiteTeam "Mersin Ezgi Satranc Kulubu"]
[BlackTeam "Aliaga Genclik VE Spor Kulubu Dernegi"]
[WhiteFideId "13400819"]
[BlackFideId "6304192"]
[EventDate "2014.08.18"]

1. c4 e5 2. g3 Nf6 3. Bg2 c6 4. Nc3 d5 5. cxd5 cxd5 6. d4 exd4 7. Qxd4 Nc6 8.
Qd1 d4 9. Ne4 Nxe4 10. Bxe4 Bc5 11. Nf3 O-O 12. Qc2 Bb4+ 13. Bd2 h6 14. Bxc6
Bxd2+ 15. Qxd2 bxc6 16. Nxd4 Qd5 17. Nf3 Qe4 18. O-O Ba6 19. Rfe1 Rad8 20. Qe3
Rfe8 21. Qxe4 Rxe4 22. e3 Rc4 23. Rac1 Rxc1 24. Rxc1 c5 25. Kg2 Bb7 26. Rxc5 Rd2
27. Rc8+ Kh7 28. Rc7 Rxb2 29. Rxf7 a5 30. g4 Bc6 31. Kg3 Rxa2 32. Nd4 Kg8 33.
Ra7 Bd5 34. h4 a4 35. f3 Ra1 36. Kf4 a3 37. Nc2 Rf1 38. e4 Bb3 39. Nd4 1-0

[Event "TCh-TUR Super League 2014"]
[Site "Kocaeli TUR"]
[Date "2014.08.23"]
[Round "7.1"]
[Board "2"]
[White "Cingoz, Ozan"]
[Black "Duman, Aydin"]
[Result "1/2-1/2"]
[WhiteElo "1930"]
[BlackElo "2244"]
[WhiteTeam "Aliaga Genclik VE Spor Kulubu Dernegi"]
[BlackTeam "Mersin Ezgi Satranc Kulubu"]
[WhiteFideId "6333397"]
[BlackFideId "6301304"]
[EventDate "2014.08.18"]

1. Nf3 d6 2. g3 g6 3. Bg2 Bg7 4. d4 Nf6 5. O-O O-O 6. c4 Nc6 7. Nc3 Rb8 8. d5
Na5 9. Nd2 c5 10. e4 a6 11. Qe2 Bd7 12. h3 b5 13. f4 Qc7 14. Re1 e5 15. dxe6
fxe6 16. Rb1 b4 17. Nd1 Nh5 18. Kh2 Nc6 19. Nf3 e5 20. fxe5 Nxe5 21. Ne3 Bc6 22.
Nd5 Bxd5 23. cxd5 Qa5 24. b3 Qb5 25. Qd1 Rb7 26. Be3 Re7 27. Ng5 Bh6 28. Ne6
Bxe3 29. Rxe3 Rf2 30. Ng5 h6 31. Nf3 Nxf3+ 32. Rxf3 Qe2 33. Rxf2 Qxf2 34. Qg4
Nf6 35. Qc8+ Re8 36. Qc6 Qd4 37. Qxd6 Kg7 38. Rf1 h5 39. Qf4 Qe5 40. Qxe5 Rxe5
41. Rc1 Nd7 42. h4 Kf8 1/2-1/2

[Event "TCh-TUR Super League 2014"]
[Site "Kocaeli TUR"]
[Date "2014.08.23"]
[Round "7.1"]
[Board "3"]
[White "Sengul, Cengiz"]
[Black "Karaoglan, Kivanc"]
[Result "1/2-1/2"]
[WhiteElo "2201"]
[BlackElo "1903"]
[WhiteTeam "Mersin Ezgi Satranc Kulubu"]
[BlackTeam "Aliaga Genclik VE Spor Kulubu Dernegi"]
[WhiteFideId "6302785"]
[BlackFideId "6329152"]
[EventDate "2014.08.18"]

1. c4 Nf6 2. Nc3 g6 3. e4 d6 4. d4 Bg7 5. Nf3 O-O 6. h3 Na6 7. Bg5 Qe8 8. Be2 e5
9. d5 Nc5 10. Nd2 a5 11. g4 h6 12. Be3 Nfd7 13. h4 f5 14. gxf5 gxf5 15. exf5 e4
16. Rg1 Kh8 17. Nb3 Nd3+ 18. Bxd3 exd3 19. Qxd3 Ne5 20. Qe2 Bxf5 21. O-O-O Bg6
22. f4 Nxc4 23. Bd4 Bxd4 24. Qxe8 Bxe8 25. Rxd4 Ne3 26. Re4 Nf5 27. Nd4 Nxd4 28.
Rxd4 Bd7 29. Re4 Rae8 30. Rxe8 Rxe8 31. Kd2 Kh7 32. Kd3 b5 33. Kd4 Bf5 34. Nxb5
Re4+ 35. Kc3 Re3+ 36. Kc4 Re4+ 37. Kc3 Re3+ 38. Kd2 Rd3+ 39. Ke2 Rxd5 40. Nxc7
Rd4 41. Nb5 Rxf4 42. Nxd6 Be6 43. h5 Ra4 44. Ke3 Bxa2 45. Ne4 Bf7 46. Rg2 1/2-1/2

[Event "TCh-TUR Super League 2014"]
[Site "Kocaeli TUR"]
[Date "2014.08.23"]
[Round "7.1"]
[Board "4"]
[White "Yasar, Ugur"]
[Black "Karamahmutoglu, Eser"]
[Result "0-1"]
[WhiteElo "1777"]
[BlackElo "2012"]
[WhiteTeam "Aliaga Genclik VE Spor Kulubu Dernegi"]
[BlackTeam "Mersin Ezgi Satranc Kulubu"]
[WhiteFideId "6324754"]
[BlackFideId "6303943"]
[EventDate "2014.08.18"]

1. d4 Nf6 2. Nf3 e6 3. Bf4 b6 4. e3 Bb7 5. Nbd2 Be7 6. Bd3 d6 7. O-O Nh5 8. Bg3
Nxg3 9. hxg3 h5 10. Re1 h4 11. e4 hxg3 12. fxg3 Nd7 13. Kf2 Nf6 14. Rh1 Ng4+ 15.
Ke2 Rf8 16. c3 Qd7 17. a4 f5 18. Qc2 c5 19. Qb3 fxe4 20. Nxe4 d5 21. Bb5 Bc6 22.
Ned2 Bxb5+ 23. Qxb5 cxd4 24. Qxd7+ Kxd7 25. cxd4 Rac8 26. Rac1 Rxc1 27. Rxc1 Bd6
28. Nf1 Rc8 29. Rxc8 Kxc8 30. Ng5 e5 31. Ne3 Nxe3 32. Kxe3 e4 33. Ne6 Bxg3 34.
Nxg7 Kd7 35. b4 Bh2 36. Kf2 b5 37. axb5 Bd6 38. Nf5 Bxb4 39. Ne3 Ke6 40. g4 Bd2
41. Nf5 Bg5 42. Ke2 Kd7 43. Kf2 Kc7 44. Ke2 Kb6 45. Nd6 Kc7 46. Nf5 Kb6 47. Nd6
Bf4 48. Nc8+ Kxb5 49. Nxa7+ Kc4 50. Nc6 Kc3 51. Nd8 Kxd4 52. Nf7 Kc3 53. g5 d4
54. g6 d3+ 0-1

[Event "TCh-TUR Super League 2014"]
[Site "Kocaeli TUR"]
[Date "2014.08.23"]
[Round "7.1"]
[Board "5"]
[White "Dincer, Tutku"]
[Black "Demiral, Abdulkadir"]
[Result "1/2-1/2"]
[WhiteElo "1780"]
[BlackElo "1699"]
[WhiteTeam "Mersin Ezgi Satranc Kulubu"]
[BlackTeam "Aliaga Genclik VE Spor Kulubu Dernegi"]
[WhiteFideId "6309640"]
[BlackFideId "6349021"]
[EventDate "2014.08.18"]

1. e4 c6 2. d4 g6 3. f4 Bg7 4. Nf3 d5 5. e5 b6 6. Bd3 e6 7. b3 a5 8. a4 Na6 9.
c3 Nc7 10. Ba3 Bf8 11. Bxf8 Kxf8 12. Na3 Ba6 13. Qe2 Bxd3 14. Qxd3 Ne7 15. Nc2
c5 16. Ne3 h5 17. h3 Nf5 18. Nxf5 exf5 19. Ng5 Ne6 20. Nxe6+ fxe6 21. h4 Rc8 22.
Kd2 Rh7 23. g3 Rhc7 24. Rhc1 Rc6 25. Ra2 Qd7 26. Qb5 Qc7 27. Qd3 Qd7 28. Qb5 Qb7
29. Rac2 Qc7 30. Kd3 cxd4 31. Kxd4 Rc5 32. Qe2 b5 33. axb5 Qb6 34. Kd3 Qxb5+ 35.
Kd2 Qxb3 36. Qa6 d4 37. Qd6+ Kg8 38. Rb1 dxc3+ 39. Ke3 Qc4 40. Qd3 Qa4 41. Rbc1
Rd5 42. Qa6 Qe4+ 43. Kf2 Re8 44. Qe2 Qxe2+ 45. Kxe2 Red8 46. Rxc3 Rd2+ 47. Ke3
a4 48. Rc8 Rd3+ 49. Ke2 Rd4 50. Ke3 Rd5 51. Rxd8+ Rxd8 52. Ra1 Ra8 53. Kd4 a3
54. Kc3 Kf7 55. Kb3 Rb8+ 56. Kxa3 Rd8 57. Kb4 Rd3 58. Ra3 Rd4+ 59. Kc5 Rd5+ 60.
Kc4 Rd1 61. Rd3 Rc1+ 62. Rc3 Rd1 63. Kc5 Ke7 64. Kc4 Ke8 65. Rd3 Rc1+ 66. Kb5
Ke7 67. Kb4 Rb1+ 68. Kc4 Rc1+ 69. Rc3 Rd1 70. Kc5 Rd8 71. Kb6 Rb8+ 72. Kc7 Rb2
73. Kc8 Rg2 74. Rc7+ Ke8 75. Rc3 Ke7 76. Kc7 Rg1 1/2-1/2

[Event "TCh-TUR Super League 2014"]
[Site "Kocaeli TUR"]
[Date "2014.08.23"]
[Round "7.1"]
[Board "6"]
[White "Ozaltun, Gokce"]
[Black "Kaya, Emel"]
[Result "0-1"]
[BlackTitle "WCM"]
[WhiteElo "1433"]
[BlackElo "2000"]
[WhiteTeam "Aliaga Genclik VE Spor Kulubu Dernegi"]
[BlackTeam "Mersin Ezgi Satranc Kulubu"]
[WhiteFideId "6345069"]
[BlackFideId "6306411"]
[EventDate "2014.08.18"]

1. e4 c5 2. Nf3 g6 3. d4 Bg7 4. c3 cxd4 5. Nxd4 Nc6 6. Be3 Nf6 7. Bd3 O-O 8. O-O
d5 9. Nd2 e5 10. Nxc6 bxc6 11. exd5 cxd5 12. Bc5 Re8 13. f3 Qc7 14. Bf2 e4 15.
fxe4 dxe4 16. Be2 Bf5 17. Nc4 Rad8 18. Qa4 Ng4 19. Bxg4 Bxg4 20. Rae1 Bd7 21.
Qb4 Bf8 22. Bg3 Qc6 23. Na5 Bxb4 24. Nxc6 Bc5+ 25. Nd4 Bb5 26. Rf4 Bd3 27. Bf2
Bd6 28. Rg4 h5 29. Rg5 Bf4 30. Ra5 Bd2 31. Ra1 a6 32. h3 Rb8 33. Nb3 Bf4 34. Rd5
Bc4 35. Rd4 Bxb3 36. axb3 Rxb3 37. Rxa6 Rxb2 38. Ra1 f5 39. c4 Be5 40. Rdd1 Rxf2
41. Kxf2 Bxa1 42. Rxa1 Kf7 43. Ke3 Kf6 44. h4 Re6 45. g3 g5 46. Ra5 Rd6 47. Ra3
gxh4 48. gxh4 Rd1 49. Ra6+ Ke5 50. Ra5+ Ke6 51. Ra6+ Kd7 52. Rf6 Rd3+ 53. Ke2
Rf3 54. c5 Ke7 55. Rh6 Rc3 56. c6 f4 57. Rxh5 Rxc6 58. Re5+ Re6 59. Rf5 f3+ 60.
Ke3 Rf6 61. Re5+ Kd6 62. Ra5 Rf7 63. Kxe4 f2 64. Ra6+ Kc5 65. Ra1 f1=Q 0-1

[Event "TCh-TUR Super League 2014"]
[Site "Kocaeli TUR"]
[Date "2014.08.23"]
[Round "7.1"]
[Board "7"]
[White "Iskandarov, Misratdin"]
[Black "Ozkan, Ufuk"]
[Result "1-0"]
[WhiteTitle "IM"]
[WhiteElo "2397"]
[BlackElo "1717"]
[WhiteTeam "Mersin Ezgi Satranc Kulubu"]
[BlackTeam "Aliaga Genclik VE Spor Kulubu Dernegi"]
[WhiteFideId "13400312"]
[BlackFideId "6349218"]
[EventDate "2014.08.18"]

1. e4 d5 2. exd5 Nf6 3. Nc3 Nxd5 4. Bc4 Nxc3 5. Qf3 e6 6. Qxc3 Nd7 7. Ne2 Nf6 8.
d4 Be7 9. O-O O-O 10. Qf3 Rb8 11. Bd3 b6 12. Bf4 Nd5 13. Be5 Bd6 14. a3 Bb7 15.
Qh3 h6 16. Rad1 c5 17. c4 cxd4 18. Bxd6 Qxd6 19. cxd5 Qxd5 20. Nxd4 Kh8 21. Ne2
Qe5 22. Nc3 1-0

[Event "TCh-TUR Super League 2014"]
[Site "Kocaeli TUR"]
[Date "2014.08.23"]
[Round "7.1"]
[Board "10"]
[White "Ozaltun, Ecem"]
[Black "Mutlu, Beste"]
[Result "1/2-1/2"]
[WhiteElo "1531"]
[BlackElo "1629"]
[WhiteTeam "Aliaga Genclik VE Spor Kulubu Dernegi"]
[BlackTeam "Mersin Ezgi Satranc Kulubu"]
[WhiteFideId "6345050"]
[BlackFideId "6325050"]
[EventDate "2014.08.18"]

1. d4 d6 2. Nf3 Nf6 3. c4 g6 4. Nc3 Bg7 5. e4 O-O 6. Be2 e5 7. dxe5 dxe5 8. Qxd8
Rxd8 9. Bg5 Na6 10. Nd5 Rd6 11. Bxf6 Bxf6 12. Nxf6+ Rxf6 13. Nxe5 Re6 14. Ng4 h5
15. Ne3 Rxe4 16. O-O c6 17. Rfd1 Re8 18. Rd4 Be6 19. Rad1 Re7 20. a3 Rae8 21. h3
Kg7 22. Bf3 Bc8 23. Kh2 Nc5 24. b4 Ne6 25. R4d3 Ng5 26. Be2 Ne4 27. Kg1 f5 28.
Bf3 f4 29. Nc2 Ng5 30. Nd4 Nxf3+ 31. Nxf3 Bf5 32. Rd6 Re4 33. c5 Rc4 34. Nh4 Be6
35. Re1 Bf7 36. Rxe8 1/2-1/2